Statistics for Secondary Disney Villains

Click here to take the quiz!

General Stats

  • This quiz has been taken 157 times
  • The average score is 11 of 15

Answer Stats

VillainMovie% Correct
Shenzi, Banzai, and EdThe Lion King
96%
IagoAladdin
93%
Drizella and AnastasiaCinderella
91%
Mr. SmeePeter Pan
88%
KaaThe Jungle Book
88%
Flotsam and JetsamThe Little Mermaid
80%
LeFouBeauty and the Beast
79%
The Duke of WeseltonFrozen
78%
KronkThe Emperor's New Groove
76%
Pain and PanicHercules
74%
Sir HissRobin Hood
65%
Diablo the CrowSleeping Beauty
60%
The Stabbington BrothersTangled
60%
LawrenceThe Princess and the Frog
39%
The CoachmanPinocchio
36%

Score Distribution

Percentile by Number Answered

Percent of People with Each Score

Your Score History

You have not taken this quiz